Statistics for Countries closest to Mystery Country A-Z

Click here to take the quiz!

General Stats

  • This quiz has been taken 75 times
  • The average score is 17 of 25

Answer Stats

HintAnswer% Correct
OOman
89%
yYemen
84%
QQatar
82%
ZZambia
81%
FFrance
79%
IItaly
77%
AAlgeria
74%
EEgypt
74%
JJordan
74%
HHungary
73%
GGreece
71%
LLibya
66%
RRomania
66%
VVatican City
66%
DDenmark
63%
KKosovo
61%
CChad
60%
TTunisia
60%
PPoland
58%
UUkraine
58%
NNiger
55%
Mystery
Country
Malta
52%
BBosnia And
Herzegovina
50%
MMontenegro
50%
SSan Marino
44%

Score Distribution

Percentile by Number Answered

Percent of People with Each Score

Your Score History

You have not taken this quiz